000 01455nam1a2200277 i 4500
001 RU\NLR\BIBL_A\010783050
005 20260407141913.0
010 _a9785752705410
_bкурсовой
035 _a(NLR Aleph) 010783050
090 _a10077762
_c10077762
100 _a20150520g20159999km y0rusy50 ca
101 1 _arus
_ceng
102 _aRU
105 _a j
200 1 _aСтратегия MBA
_eхрестоматия
_e[учебное пособие]
_fThe Open univ., Business school, Междунар. ин-т менеджмента ЛИНК (LINK)
_g[рус. текст подгот.: проф. В. Н. Голубкин (гл. ред.) и др.
_gпер. с англ. Ю. Я. Герасимов и др.]
210 _aЖуковский
_cИзд-во Международного института менеджмента ЛИНК
_d2015
215 _d29
225 1 _aR820 Стратегия
606 1 _aМенеджмент стратегический
_jУчебные издания для высших учебных заведений
_92072680
_3RU\NLR\AUTH\661247525
686 1 _aУ21(0)2я73-3
702 1 _aГолубкин
_bВ. Н.
_gВиктор Николаевич
_4340
712 0 2 _4570
_a"ЛИНК", международный институт менеджмента
_cЖуковский
_9519224
_3RU\NLR\AUTH\8810010780
852 _aNLR
_j2015-8/1824
942 _cBOOK